Normal view
MARC view
- التجارة الالكترونية
Entry Topical Term
001 - CONTROL NUMBER
- control field: 34294
003 - CONTROL NUMBER IDENTIFIER
- control field: JO-AjAnu
005 - DATE AND TIME OF LATEST TRANSACTION
- control field: 20230606075739.0
008 - FIXED-LENGTH DATA ELEMENTS
- fixed length control field: 230606|| aca||aabn | a|a d
040 ## - CATALOGING SOURCE
- Original cataloging agency: JO-AjAnu
- Transcribing agency: JO-AjAnu
150 ## - HEADING--TOPICAL TERM
- Topical term or geographic name entry element: التجارة الالكترونية
670 ## - SOURCE DATA FOUND
- Source citation: Work cat.: (JO-AjAnu)17611: مؤتمر"التجارة الالكترونية تجارة بلا حدود "بالتعاون مع غرفة تجارة الاردن عمان-ديسمبر2010،ندوة"اثر التجارة الالكترونية العالمية على اقتصاديات البلدان العربية"القاهرة, author 34293, التجارة الالكترونية-تجارة بلا حدود